|
|
|
|
| LEADER |
00000csc a2200000 a 4500 |
| 001 |
91776-3 |
| 005 |
20230308215258.0 |
| 008 |
000000|1946 ||||||||r|||||||||||spa|| |
| 040 |
|
|
|b spa
|
| 041 |
1 |
|
|a spa
|
| 082 |
0 |
|
|a 944.04
|
| 100 |
1 |
|
|a Jaurès, Jean
|
| 245 |
0 |
0 |
|a Historia socialista de la revolución francesa
|b La asamblea legislativa
|c Jean Jaurès
|h imp
|n v. 3
|
| 264 |
|
|
|a Buenos Aires
|b Poseidon
|c 1946
|
| 300 |
|
|
|a 408 páginas:
|c 23,5 cm
|
| 650 |
|
|
|a Revolucion francesa
|9 8580
|
| 650 |
|
|
|a Asamblea legislativa
|9 210880
|
| 650 |
|
|
|a Movimiento campesino
|9 22447
|
| 650 |
|
|
|a Historia de francia
|9 10545
|
| 650 |
|
|
|a Manifiesto de los colonos
|9 302039
|
| 650 |
|
|
|a Constitucion civil del clero
|9 302040
|
| 852 |
|
|
|a UC-CDJBV
|c ESTANTERIA CERRADA
|f Compra
|k mariana.feican
|l 1
|m General
|p 00000000
|q 00000000
|r 2
|t 91776-3
|b 0
|d CDRC
|e CDRC
|g 944.04 ESTANTERIA CERRADA
|z 0000-00-00
|
| 942 |
|
|
|
| 999 |
|
|
|c 130353
|d 130353
|